00985nas a2200253Ia 4500001001100000003000900011008004100020040001300061040001300074041001300087100003800100210001800138222001800156245011800174250001100292260002200303501008600325300001700411362003700428500018400465650003600649700001700685700002900702R408/G5069IT-RoPAU151124c99999999xx |||||||||||| ||und|| aIT-RoPAU cIT-RoPAU aITALIANO aAA.VV. gCodice Aut. SPICS: 12000 aMUSICA DOMANI aMusica Domani aMUSICA DOMANI, ANNO 30-N.116 (SETTEMBRE 2000)bPopular Music A Scuola: Fra Piacere Musicale E Attivita' Didattica a1a ed. aTORINObEDTc2000 bPaulus - SPICS - Società San Paolo EM (non-commercial uses only)cCopyright2015 a7 p. [28-34] aANNO 030, N.116 (SETTEMBRE 2000) aUn Approccio Etico Alla Cultura Mediale di Philip Tagg. Una Didattica Ancora in Formazione di Roberto Agostini. Dal Piacere dell'Ascolto Alla Comprensione di Gianfranco Salvatore. aMUSICAvPUBBLICAZIONE PERIODICA aMarconi Luca gCodice Aut. SPICS: 13914